[Event "IND-ch U11 30th"]
[Site "India"]
[Date "2016.06.29"]
[Round "3"]
[White "Manish, Anto Cristiano F"]
[Black "Sai Nikhil, Y."]
[Result "1-0"]
[WhiteElo "1668"]
[BlackElo "1300"]
[PlyCount "67"]
[EventDate "2016.06.28"]
[EventType "swiss"]
[EventRounds "11"]
[EventCountry "IND"]
[SourceTitle "CBM 173 Extra"]
[Source "ChessBase"]
[SourceDate "2016.08.29"]
[SourceVersion "1"]
[SourceVersionDate "2016.08.29"]
[SourceQuality "1"]

1. e4 e6 2. d4 d5 3. Nc3 Bb4 4. e5 c5 5. a3 Bxc3+ 6. bxc3 Ne7 7. Qg4 Qc7 8. Qxg7 Rg8 9. Qxh7 cxd4 10. Ne2 dxc3 11. f4 Nbc6 12. Qd3 d4 13. Nxd4 Nxd4 14. Qxd4 Nf5 15. Bb5+ Bd7 16. Qxd7+ Qxd7 17. Bxd7+ Kxd7 18. Kf2 Kc7 19. h3 Ng3 20. Re1 Rad8 21. Re3 Nh1+ 22. Kg1 Rd1+ 23. Kh2 Nf2 24. Rxc3+ Kb8 25. Bb2 Rd2 26. Rg1 Ne4 27. Bc1 Rf2 28. Re3 Rxf4 29. Ree1 Rh4 30. g3 Rh5 31. Rxe4 Rc8 32. Rg2 Rch8 33. h4 Rf5 34. Bf4 1-0